000 00652nam a2200253Ia 4500
003 OSt
005 20221007114204.0
006 a|||||r|||| 00| 0
007 ta
008 221006b |||||||| |||| 00| 0 eng d
024 _a33,231
037 _cTextual
040 _aLCO
_cLCO
_beng
041 _2eng
_aeng
082 _aZ1, P4
100 _aAnaya S. James
_9332200
245 0 _aIndigenous Peoples in International Law
250 _a2nd
260 _aNew
_bYork Oxford University Press U.S.A
_c2004
300 _a396
650 _aINTERNATIONAL LAW
942 _hZ1, P4
_cTEXL
999 _c1202794
_d1202794